Relapse Tracklist (Eminem) - Statistics

General Stats
  • This quiz has been taken 74 times
  • The average score is 13 of 20
Answer Stats
Hint Answer % Correct
17 Beautiful
98%
2 3 a.m.
90%
16 Deja Vu
85%
3 My Mom
85%
18 Crack A Bottle
78%
8 Same Song & Dance
75%
4 Insane
73%
20 Underground
70%
9 We Made You
70%
1 Dr. West - Skit
68%
5 Bagpipes From Baghdad
65%
6 Hello
65%
10 Medicine Ball
60%
14 Must Be The Ganja
60%
13 Old Time's Sake
60%
7 Tonya - Skit
58%
11 Paul - Skit
55%
12 Stay Wide Awake
55%
15 Mr. Mathers - Skit
40%
19 Steve Burman - Skit
3%
No matching quizzes found
Score Distribution
Percent of People with Each Score
Percentile by Number Answered
Your Score History
You have not taken this quiz